000 00208nam a22000857a 4500
008 160818b xxu||||| |||| 00| 0 eng d
100 _9173
_aDoyle A.C
245 _aSherlock Holmes
260 _aNew York
_bBaronet Book
999 _c2831
_d2831